Statistics for Brand Logos Quiz #9

Click here to take the quiz!

General Stats

  • This quiz has been taken 92,684 times
  • The average score is 13 of 20

Answer Stats

Answer% Correct
FedEx
96%
Walt Disney
95%
Mercedes
93%
NBA
92%
7-Eleven
88%
Polo
79%
Discord
75%
LinkedIn
74%
Skechers
68%
Aldi
64%
Cadbury
61%
TripAdvisor
58%
Chipotle
57%
Adobe
52%
Heinz
43%
Hermès
43%
Unilever
42%
Hilton
41%
Clorox
40%
General Mills
20%

Score Distribution

Percentile by Number Answered

Percent of People with Each Score

Your Score History

You have not taken this quiz